La preservación de recursos digitales : el reto para las bibliotecas del siglo xxi /

Guardado en:
Autor Principal: Keefer, Alice
Otros Autores: Gallart, Núria
Formato: Libro
Publicado: Barcelona : Uoc, 2007
Materias:
Etiquetas: Agregar Etiqueta
Sin Etiquetas, Sea el primero en etiquetar este registro!
LEADER 00725nam a22002415a 4500
001 CEM.cems014105
008 130507s2007##################000#0#####d
005 20210706090216.0
003 CEMS
245 1 0 |a La preservación de recursos digitales :  |b el reto para las bibliotecas del siglo xxi /  |c Alice Keefer y Núria Gallart 
260 |a Barcelona :  |b Uoc,  |c 2007 
300 |a 218 p. 
590 |a 1169.013 
020 |a 9788497885676 
100 1 |a Keefer, Alice 
700 1 |a Gallart, Núria 
653 |a Bibliotecología 
653 |a Documentación 
653 |a Preservación digital 
653 |a Recursos digitales 
653 |a Metadatos 
653 |a Biblioteca TC 
859 |a CEMS  |b BIB. CEMS - 11 de abril  |h TC  |p 1169.013  |t Ej.1